Electronic devices and circuits / (Record no. 545746)

000 -LEADER
fixed length control field 00595cam a22001937a 4500
020 ## - INTERNATIONAL STANDARD BOOK NUMBER
International Standard Book Number 0071455329 (pbk.)
082 00 - DEWEY DECIMAL CLASSIFICATION NUMBER
Classification number 621.3815
Author Mark SAE
-- L-N-1, P-83
100 1# - MAIN ENTRY--PERSONAL NAME
Personal name M SAEED.
9 (RLIN) 41615
245 10 - TITLE STATEMENT
Title Electronic devices and circuits /
Statement of responsibility, etc. SAEED MANZAR
260 ## - PUBLICATION, DISTRIBUTION, ETC.
Place of publication, distribution, etc. Pakistan;
Name of publisher, distributor, etc. A-One Pub.
Date of publication, distribution, etc. c1999.
300 ## - PHYSICAL DESCRIPTION
Extent xiii, 412 p. :
Other physical details ill. ;
Dimensions 22 cm.
500 ## - GENERAL NOTE
General note Includes index.
526 ## - STUDY PROGRAM INFORMATION NOTE
Program name 0
Interest level 0
Reading level 0
Title point value 621_381500000000000_SAE
650 #0 - SUBJECT ADDED ENTRY--TOPICAL TERM
Topical term or geographic name entry element Electronic circuits
9 (RLIN) 20195
650 #0 - SUBJECT ADDED ENTRY--TOPICAL TERM
Topical term or geographic name entry element Electronic circuits
General subdivision Examinations
9 (RLIN) 41700
650 #0 - SUBJECT ADDED ENTRY--TOPICAL TERM
Topical term or geographic name entry element Electronic control
9 (RLIN) 41701
650 #0 - SUBJECT ADDED ENTRY--TOPICAL TERM
Topical term or geographic name entry element MCE
9 (RLIN) 379
942 ## - ADDED ENTRY ELEMENTS (KOHA)
Source of classification or shelving scheme
Koha item type Book
Holdings
Withdrawn status Lost status Source of classification or shelving scheme Damaged status Not for loan Permanent Location Current Location Date acquired Total Checkouts Full call number Barcode Date last seen Price effective from Koha item type
          Military College of Engineering (MCE) Military College of Engineering (MCE) 05/29/2014   621.3815 SAE MCE-34979 05/29/2014 05/29/2014 Book
© 2023 Central Library, National University of Sciences and Technology. All Rights Reserved.